Testing the Relationship of Linguistic Complexity to Second Language Learners’ Comparative Judgment on Text Difficulty (Record no. 193556)

MARC details
000 -LEADER
fixed length control field 01764nam a22001937a 4500
005 - DATE AND TIME OF LATEST TRANSACTION
control field 20241226142319.0
008 - FIXED-LENGTH DATA ELEMENTS--GENERAL INFORMATION
fixed length control field 241226b |||||||| |||| 00| 0 eng d
040 ## - CATALOGING SOURCE
Transcribing agency LDD
100 ## - MAIN ENTRY--PERSONAL NAME
Personal name Zhang, Xiaopeng
245 ## - TITLE STATEMENT
Title Testing the Relationship of Linguistic Complexity to Second Language Learners’ Comparative Judgment on Text Difficulty
260 ## - PUBLICATION, DISTRIBUTION, ETC.
Place of publication, distribution, etc. University Of Michigan, Wiley, 2024
300 ## - PHYSICAL DESCRIPTION
Other physical details p. 672-706
490 ## - Journal
Journal Journal Of Language Learning
Volume/sequential designation Vol. 74(3)
500 ## - GENERAL NOTE
General note This study examined the relationship of linguistic complexity, captured using a set of lexical richness, syntactic complexity, and discoursal complexity indices, to second language (L2) learners’ perception of text difficulty, captured using L2 raters’ comparative judgment on text comprehensibility and reading speed. Testing materials were 180 texts abridged from college English coursebooks, and raters were 90 advanced Chinese learners of L2 English. Forty-five raters read paired texts and determined which text was harder to understand in each pair, and another 45 raters read paired texts and determined which text they read faster in each pair. Two stepwise linear regression models containing lexical, syntactic, and discoursal features explained 48.1% and 54.6% of the variance in L2 learners’ estimates of text comprehensibility and reading speed, respectively, outperforming four commonly used language readability models. These findings contribute useful insights into the relationship between linguistic complexity and L2 learners’ perception of text difficulty.
650 ## - SUBJECT ADDED ENTRY--TOPICAL TERM
Topical term or geographic name entry element Comparative Judgement
700 ## - ADDED ENTRY--PERSONAL NAME
Personal name Lu, Xiaofei
856 ## - ELECTRONIC LOCATION AND ACCESS
Link text click here to access online
Uniform Resource Identifier <a href="https://onlinelibrary.wiley.com/doi/10.1111/lang.12633">https://onlinelibrary.wiley.com/doi/10.1111/lang.12633</a>
942 ## - ADDED ENTRY ELEMENTS (KOHA)
Source of classification or shelving scheme Dewey Decimal Classification
Koha item type Article
Suppress in OPAC No
Holdings
Date last seen Total checkouts Price effective from Koha item type Lost status Source of classification or shelving scheme Damaged status Not for loan Withdrawn status Home library Current library Date acquired
12/26/2024   12/26/2024 Article   Dewey Decimal Classification       Library and Documentation Division NCERT Library and Documentation Division NCERT 12/26/2024